Tao pao ba xun zhao ba / (Record no. 193931)

MARC details
000 -LEADER
fixed length control field 01476nam a2200397 i 4500
003 - CONTROL NUMBER IDENTIFIER
control field OSt
005 - DATE AND TIME OF LATEST TRANSACTION
control field 20231211121024.0
008 - FIXED-LENGTH DATA ELEMENTS--GENERAL INFORMATION
fixed length control field 231205s2022 cc a j 000 0 chi d
020 ## - INTERNATIONAL STANDARD BOOK NUMBER
International Standard Book Number 9787513348652
Terms of availability RM43.20
Qualifying information hardback
040 ## - CATALOGING SOURCE
Original cataloging agency PPAK
Language of cataloging eng
Transcribing agency PPAK
Description conventions rda
041 1# - LANGUAGE CODE
Language code of text/sound track or separate title chi
Language code of original jpn
082 04 - DEWEY DECIMAL CLASSIFICATION NUMBER
Edition number 23
Classification number 895.6
090 00 - LOCALLY ASSIGNED LC-TYPE CALL NUMBER (OCLC); LOCAL CALL NUMBER (RLIN)
Classification number (OCLC) (R) ; Classification number, CALL (RLIN) (NR) 895.6
Feature heading YOS
Feature heading K
100 1# - MAIN ENTRY--PERSONAL NAME
Linkage 880-01
Personal name Yoshitake, Shinsuke,
Dates associated with a name 1973-
Relator term author.
240 ## - UNIFORM TITLE
Uniform title Nigete sagashite.
Language of a work Chinese
245 10 - TITLE STATEMENT
Linkage 880-02
Title Tao pao ba xun zhao ba /
Statement of responsibility, etc. [Ri] Jizhu Shenjie zhu ; Zheng Yuxiao yi
246 33 - VARYING FORM OF TITLE
Display text Translation of:
Title proper/short title Nigete sagashite
250 ## - EDITION STATEMENT
Edition statement Di 1 ban.
264 #1 - PRODUCTION, PUBLICATION, DISTRIBUTION, MANUFACTURE, AND COPYRIGHT NOTICE
Place of production, publication, distribution, manufacture Beijing :
Name of producer, publisher, distributor, manufacturer New Star Press,
Date of production, publication, distribution, manufacture, or copyright notice 2022
300 ## - PHYSICAL DESCRIPTION
Extent 1 volume (unpaged) :
Other physical details color illustrations ;
Dimensions 17 cm
336 ## - CONTENT TYPE
Content type term text
Source rdacontent
337 ## - MEDIA TYPE
Media type term unmediated
Source rdamedia
338 ## - CARRIER TYPE
Carrier type term volume
Source rdacarrier
490 1# - SERIES STATEMENT
Linkage 880-03
Series statement Ai xin shu hui ben guan ;
Volume/sequential designation 1024
546 ## - LANGUAGE NOTE
Language note In simplified Chinese script.
650 10 - SUBJECT ADDED ENTRY--TOPICAL TERM
Topical term or geographic name entry element Children's stories, Japanese
Form subdivision Translations into Chinese
Topical term or geographic name entry element Children
General subdivision Conduct of life
Form subdivision Juvenile literature
655 #7 - INDEX TERM--GENRE/FORM
Genre/form data or focus term Picture books
700 1# - ADDED ENTRY--PERSONAL NAME
Linkage 880-04
Personal name Zheng, Yuxiao,
Relator term translator.
830 #0 - SERIES ADDED ENTRY--UNIFORM TITLE
Uniform title Ai xin shu hui ben guan ;
Number of part/section of a work 1024
880 1# - ALTERNATE GRAPHIC REPRESENTATION
Linkage 100-01
a 吉竹伸介,
d 1973-
e author.
Linkage 245-02
a 逃跑吧寻找吧 /
c [日]吉竹伸介 著 ; 郑钰晓 译.
Linkage 490-03
a 爱心树绘本馆 ;
n 1024
Linkage 700-04
a 郑钰晓,
e translator.
942 ## - ADDED ENTRY ELEMENTS (KOHA)
Source of classification or shelving scheme Dewey Decimal Classification
Koha item type Book
Holdings
Withdrawn Not for loan Current library Shelving location Date acquired Total Checkouts Total Renewals Full call number Barcode Date last seen Date last checked out Koha item type
    Perpustakaan Alor Setar Pinjaman Kanak-kanak 14/01/2024 4 1 K 895.6 YOS A01801971 14/06/2025 31/05/2025 Book
    Perpustakaan Awam Sungai Petani Pinjaman Kanak-kanak 14/01/2024 7   K 895.6 YOS A01801972 13/12/2025 06/12/2025 Book